000 003330000a22000970004500
100 1 _aLetis, Theodore P.
245 1 0 _aThe protestent dogmaticans and the late princeton school on the status of the sacred apographa
300 _aVol. 8, Num. 1 (1990), Páginas 16-42
773 0 _tScottish Bulletin of Evangelical Theology
942 _cANA
999 _c55676
_d55676